El encanto de la Vega (Record no. 138164)

MARC details
000 -LEADER
campo de control de longitud fija 00756nam a2200229 4500
001 - NÚMERO DE CONTROL
campo de control 138164
003 - IDENTIFICADOR DE NÚMERO DE CONTROL
campo de control ES-MaACL
005 - FECHA Y HORA DE LA ÚLTIMA TRANSACCIÓN
campo de control 20230906195521.0
007 - CAMPO FIJO DE DESCRIPCIÓN FÍSICA--INFORMACIÓN GENERAL
campo de control de longitud fija t|
008 - DATOS DE LONGITUD FIJA--INFORMACIÓN GENERAL
campo de control de longitud fija 070214s1986 sp r ||||1| spa d
100 1# - ENTRADA PRINCIPAL--NOMBRE DE PERSONA
Nombre de persona Sánchez Rojas, José.
9 (RLIN) 102895
245 13 - MENCIÓN DEL TÍTULO
Título El encanto de la Vega
Resto del título : ; y otros artículos /
Mención de responsabilidad, etc. José Sánchez Rojas ; edición de Julián Moreiro.
250 ## - MENCION DE EDICION
Mención de edición 1ª ed.
260 ## - PUBLICACIÓN, DISTRIBUCIÓN, ETC.
Lugar de publicación, distribución, etc. Salamanca :
Nombre del editor, distribuidor, etc. Diputación,
Fecha de publicación, distribución, etc. 1986.
300 ## - DESCRIPCIÓN FÍSICA
Extensión 143 p., 2 h., 1 h. de lám. ;
Dimensiones 24 cm.
490 1# - MENCIÓN DE SERIE
Mención de serie Ayuntamientos ;
Designación de volumen o secuencia 1
700 1# - ENTRADA AGREGADA--NOMBRE PERSONAL
Nombre de persona Moreiro, Julián.
9 (RLIN) 83230
710 2# - ENTRADA AGREGADA--NOMBRE DE ENTIDAD CORPORATIVA
Nombre de entidad corporativa o nombre de jurisdicción como elemento de entrada Salamanca (Provincia).
Unidad subordinada Diputación Provincial.
9 (RLIN) 6485
830 0# - PUNTO DE ACCESO ADICIONAL DE SERIE-TÍTULO UNIFORME
Título uniforme Ayuntamientos ;
Designación de volumen o secuencia 1
9 (RLIN) 220141
852 ## - LOCALIZACIÓN
Ubicación ES-MaACL
Número de control de estantería L-11091
Sublocalización o colección R.112008
Holdings
Estatus retirado Estado de pérdida Estado de daño No para préstamo Biblioteca de origen Biblioteca actual Ubicación en estantería Fecha de adquisición Fuente de adquisición Total de préstamos Signatura topográfica completa Código de barras Visto por última vez Precio de reemplazo Tipo de ítem Koha
        Biblioteca del Ateneo de Madrid Biblioteca del Ateneo de Madrid Depósito 2 17/01/2008     L-11091 1143770 23/02/2023 23/02/2023 Libro impreso